Formar : camino a la adquisición de responsabilidad personal, tomo i /
Guardado en:
| Autor Principal: | |
|---|---|
| Formato: | Libro |
| Publicado: |
Bahía Blanca :
Agencia Sur,
1996
|
| Materias: | |
| Etiquetas: |
Agregar Etiqueta
Sin Etiquetas, Sea el primero en etiquetar este registro!
|
| LEADER | 01028nam a22002295a 4500 | ||
|---|---|---|---|
| 001 | CEM.cems012180 | ||
| 005 | 20060808000000.0 | ||
| 008 | 130507s1996##################000#0#####d | ||
| 003 | CEMS | ||
| 020 | |a 9879573927 | ||
| 082 | 0 | 4 | |a 371.76 |
| 100 | 1 | |a Torres de Di Giano, María Viviana | |
| 245 | 1 | 0 | |a Formar : |b camino a la adquisición de responsabilidad personal, tomo i / |c María Viviana Torres de Di Giano |
| 260 | |a Bahía Blanca : |b Agencia Sur, |c 1996 | ||
| 300 | |a 219 p. | ||
| 500 | |a Actividades para docentes | ||
| 505 | 0 | |a Organizar el accionar -- Docentes, padres, alumnos, responsabilizándose -- El camino se la autonomía -- Educación sexual : hacia la humanización -- Educación para el niño sujeto social -- Los niños, las leyes, sus derechos y sus deberes -- Declaración universal de los derechos del niño | |
| 653 | |a Educación | ||
| 653 | |a Niños y adolescentes | ||
| 653 | |a Docentes : actividades | ||
| 653 | |a Derechos del niño | ||
| 859 | |a CEMS |b BIB. CEMS - 11 de abril |h 371.76 |i T636 |p 23424.06 |t Ej.1 |v I |3 I | ||
